| 000 | 00610nam a2200169 a 4500 | ||
|---|---|---|---|
| 001 | 000028624 | ||
| 005 | 20250924073802.0 | ||
| 008 | 110411s1986 dr d 000 0 spa d | ||
| 040 |
_aDO-SdBNP _bspa _cBNPHU |
||
| 082 |
_axxx _bA165f |
||
| 100 | 1 |
_aAbud, Godofredo A. _955585 |
|
| 245 | 1 | 0 |
_aFortran IV elemental / _cGodofredo A. Abud. |
| 260 |
_aSanto Domingo : _bEditora Universitaria - UASD, _c1986. |
||
| 300 |
_a177 p. : _bdiagramas ; _c21 cm. |
||
| 490 | 1 |
_aPublicaciones de la Universidad Autónoma de Santo Domingo _vv. 448 |
|
| 830 |
_aPublicaciones de la Universidad Autónoma de Santo Domingo _vv. 448 _952 |
||
| 999 |
_c28116 _d28116 |
||